000 00446nam a2200145Ia 4500
008 240729s9999 xx 000 0 und d
022 _a1556-8180
245 0 _aJournal of MultiDisciplinary Evaluation
260 _aUnited States
260 _bThe Evaluation Center at Western Michigan University
650 _aEducation | Social Sciences
856 _uhttps://doaj.org/toc/1c9d433911634515b51ab7b1dbc05732
942 _2ddc
942 _cDOAJEJ
999 _c73396
_d73396
945 _a1
_bMadushi Gamage
_c1
_dMadushi Gamage